Movies Quiz

Random Movies or Role Quiz

Matthew McConaughey Movies Quiz Stats

 Plays Quiz Updated Dec 31, 2020

Support Sporcle.
Go Orange.
Score 0/48 Timer 12:00
0 Plays Today
Year Movie % Correct
2013Dallas Buyers Club
86.6%
2003How to Lose a Guy in Ten Days
68.2%
1993Dazed and Confused
65.4%
2013The Wolf of Wall Street
57%
2012Mud
56%
2014Interstellar
55.9%
2006Failure to Launch
55.8%
2012Magic Mike
55.8%
2011The Lincoln Lawyer
54.4%
1996A Time to Kill
51.3%
2005Sahara
48.5%
2017The Dark Tower
45.7%
2008Fool's Gold
44.6%
1999EDtv
39.6%
2001The Wedding Planner
38.8%
2016Sing
38%
2009Ghosts of Girlfriends Past
35.8%
2016Gold
35.6%
2019The Gentlemen
35.1%
2008Tropic Thunder
31.2%
2019The Beach Bum
30.9%
2006We Are Marshall
29.1%
1997Contact
28.6%
2016Free State of Jones
27%
Year Movie % Correct
2019Serenity
26.2%
2011Killer Joe
25%
2016Kubo and the Two Strings
24.8%
2019Between Two Ferns: The Movie
22.7%
2018White Boy Rick
22.3%
1997Amistad
22.1%
2002Reign of Fire
21.5%
2000U-571
20.8%
2005Two for the Money
19.4%
2011Bernie
19.3%
2012The Paperboy
18.2%
1998The Newton Boys
17.2%
2001Frailty
16.9%
2015The Sea of Trees
16.8%
1994Angels in the Outfield
16.3%
2008Surfer, Dude
16.2%
1995Texas Chainsaw Massacre: The Next Generation
15.1%
1996Lone Star
14.4%
1995Boys on the Side
11.3%
1996Glory Daze
11.3%
1996Larger Than Life
10.8%
2003Tiptoes
10.1%
2001Thirteen Conversations about One Thing
8.7%
1996Scorpion Spring
7.9%

From the Vault

NHL Calder Trophy Winners

by Ben

Sports 12m
Not to be confused with the Calder Cup, the Calder Trophy is the NHL's version of Rookie of the Year. Brace yourself, Gretzky is not on this list!
Remove Ads.
Support Sporcle.
Get the best of Sporcle when you Go Orange. This ad-free experience offers more features, more stats, and more fun while also helping to support Sporcle. Thank you for becoming a member.

Show Comments

Extras

Top Quizzes Today


Score Distribution

Your Account Isn't Verified!

In order to create a playlist on Sporcle, you need to verify the email address you used during registration. Go to your Sporcle Settings to finish the process.

Report this User

Report this user for behavior that violates our Community Guidelines.

Details: